000 01048nam a2200301Ia 4500
001 33196
003 IT-RoPAU
008 130308s9999 xx 000 0 und d
040 _aIT-RoPAU
040 _cIT-RoPAU
041 _aITALIANO
100 _aCaporale Piergiuseppe
100 _gCodice Aut. SPICS: 14610
245 _aCom'è difficile restare padre quando i figli crescono e le mamme imbiancano
245 _bFranco Battiato-Le Canzoni, Il Personaggio e la Musica
250 _a1a ed.
260 _aROMA
260 _bAnthropos
260 _c1983 [1° Ed.:1983 - Ed.Ling.Originale:1983]
300 _a"28 p. (prefazione: no ; testo: 28 [pagine: 5-32])"
500 _aFetus Pollution Sulle Corde di Aries Clic M.Lle le Gladiator Battiato Detto Anche Za'/Cafe' Table Muzik Juke Box L'Egitto Prima delle sabbie l'era del Cinghiale bianco Patriots la voce del padrone L'Arca di Noe'
650 _aAUTORI/OPERE DI MUSICA
650 _eCodice materia Spics: 7007
942 _cBK
957 _71
999 _c58666
_d58666
999 _bSI
999 _g1